| 000 | 00919nam a2200241Ia 4500 | ||
|---|---|---|---|
| 001 | 65831 | ||
| 003 | 138635 | ||
| 005 | 20250122063643.0 | ||
| 008 | ||||||n9999 ||| || || | ||
| 041 | _aspa | ||
| 082 | _a352.48 | ||
| 100 |
_aMoreno Olivera, Irma Constanza _989910 |
||
| 245 | 0 | _aEstatuto orgánico de presupuesto del municipio de Dolores, Tolima y de sus entidades descentralizadas | |
| 260 |
_aBogotá : _bEscuela Superior de Administración Pública - ESAP, _c1997. |
||
| 300 | _a149h y anexos | ||
| 562 | _e1 | ||
| 650 |
_aDOLORES, TOLIMA (COLOMBIA) _935080 |
||
| 650 |
_aESTATUTO ORGÁNICO DE PRESUPUESTO _933314 |
||
| 650 |
_aPROYECTO DE ACUERDO _911843 |
||
| 650 | 0 |
_aTECNOLOGÍA EN ADMINISTRACIÓN MUNICIPAL (TOLIMA)--TESIS Y DISERTACIONES ACADÉMICAS _9188490 |
|
| 650 | 0 |
_aESCUELA SUPERIOR DE ADMINISTRACIÓN PÚBLICA (TOLIMA)--TESIS Y DISERTACIONES ACADÉMICAS _9188981 |
|
| 942 | _cTESIS | ||
| 999 |
_c65831 _d65831 |
||